000 00455nam a2200181Ia 4500
001 17728
005 20260306171538.0
008 260306s9999||||xx |||||||||||||| ||und||
041 _aESP
082 _a658.15
_bR46
100 _aRevello de Toro Cabello, José María
_eAUT
245 0 _aFinance corporate y banca de inversión
260 _c2013
300 _a627 páginas :
_c26 cm.
650 _aGEN
654 _aCAN
942 _cLIB
_dJUS
_fJUS
_2ddc
_n
999 _c17728
_d17728